|
|
|
|
| LEADER |
00000cas a2200000 a 4500 |
| 001 |
vtls011876854 |
| 003 |
SK-MaSNL |
| 005 |
20260416154306.0 |
| 008 |
190715c20199999xo mr|p 0 b0slo |
| 022 |
|
|
|a 2644-5476
|
| 040 |
|
|
|a SNK
|b slo
|c SNK
|e AACR2
|
| 041 |
0 |
|
|a slo
|
| 044 |
|
|
|a xo
|c SK
|
| 072 |
|
7 |
|a 351
|x Úlohy verejnej správy, správne opatrenia. Legislatíva
|2 konspekt
|
| 072 |
|
7 |
|a 657
|x Účtovníctvo
|2 konspekt
|
| 072 |
|
7 |
|a 658
|x Riadenie a správa podniku
|2 konspekt
|
| 080 |
|
|
|a 351.72
|2 2011
|
| 080 |
|
|
|a 657
|2 2011
|
| 080 |
|
|
|a 658.114-051
|2 2011
|
| 080 |
|
|
|a (051)-027.561
|2 2011
|
| 080 |
|
|
|a 050
|2 2011
|
| 210 |
0 |
|
|a Účtov. expert podnik.
|
| 222 |
|
0 |
|a Účtovný expert pre podnikateľov
|
| 245 |
0 |
0 |
|a Účtovný expert pre podnikateľov
|b newsletter otázok, odpovedí a účtovných aktualít
|
| 260 |
|
|
|a Bratislava
|b Verlag Dashöfer, s.r.o.
|c 2019-
|
| 300 |
|
|
|a zv.
|c 30 cm
|
| 310 |
|
|
|a 1x mesačne
|
| 362 |
0 |
|
|a Roč. 1, č. 3 (14.jún 2019)-
|
| 500 |
|
|
|a Registračné č.: EV 5815/19
|
| 500 |
|
|
|a Č. 1-2/2019 len v online podobe
|
| 500 |
|
|
|a Zodpovedný redaktor: 2019- , Stanislava Nogová
|
| 650 |
0 |
7 |
|a účtovníctvo
|2 SNKPH
|9 649
|
| 650 |
0 |
7 |
|a podnikatelia
|2 SNKPH
|9 1756
|
| 650 |
0 |
7 |
|a Accounting
|2 SNKPHeng
|9 266872
|
| 650 |
0 |
7 |
|a Businessmen
|2 SNKPHeng
|9 275440
|
| 655 |
|
7 |
|a odborné časopisy
|2 SNKPH
|9 70505
|
| 655 |
|
7 |
|a Professional journals
|2 SNKPHeng
|9 265007
|
| 700 |
1 |
|
|a Nogová, Stanislava
|4 lso
|9 276052
|
| 910 |
|
|
|a snk
|
| 999 |
|
|
|c 13809
|d 15739
|
| 952 |
|
|
|t č. 1-9, neúplné
|a SNK
|b SNK
|y PREZ
|7 0
|p 17A1433091
|o snkČSB 7585/1/2019
|i snk2020/20932
|8 0
|z Č. 1-2 dostupné len v online podobe
|0 0
|1 0
|4 0
|d 2020-11-24
|l 0
|r 2026-02-21 19:24:24
|w 2026-02-21
|
| 952 |
|
|
|t č. 1-12
|a SNK
|b SNK
|y PREZ
|7 0
|p 17A1521268
|o snkČSB 7585/2/2020 D1
|i snk2023/14680
|8 0
|0 0
|1 0
|4 0
|d 2023-10-11
|l 0
|r 2026-02-21 19:50:32
|w 2026-02-21
|
| 952 |
|
|
|t č. 1-12
|a SNK
|b SNK
|y PREZ
|7 0
|p 17A1521269
|o snkČSB 7585/3/2021 D1
|i snk2023/14683
|8 0
|0 0
|1 0
|4 0
|d 2023-10-11
|l 0
|r 2026-02-21 19:50:32
|w 2026-02-21
|
| 952 |
|
|
|t č. 1-12
|a SNK
|b SNK
|y PREZ
|7 0
|p 17A1521270
|o snkČSB 7585/4/2022 D1
|i snk2023/14684
|8 0
|0 0
|1 0
|4 0
|d 2023-10-11
|l 0
|r 2026-02-21 19:50:32
|w 2026-02-21
|
| 952 |
|
|
|t č. 1-12
|a SNK
|b SNK
|y PREZ
|7 0
|p 17A1466108
|o snkČSB 7585/2/2020
|i snk2023/6074
|8 0
|0 0
|1 0
|4 0
|d 2023-04-14
|l 0
|r 2026-02-21 19:52:52
|w 2026-02-21
|
| 952 |
|
|
|t č. 1-12
|a SNK
|b SNK
|y PREZ
|7 0
|p 17A1466109
|o snkČSB 7585/3/2021
|i snk2023/6075
|8 0
|0 0
|1 0
|4 0
|d 2023-04-14
|l 0
|r 2026-02-21 19:52:52
|w 2026-02-21
|
| 952 |
|
|
|t č. 1-12
|a SNK
|b SNK
|y PREZ
|7 0
|p 17A1466110
|o snkČSB 7585/4/2022
|i snk2023/6076
|8 0
|0 0
|1 0
|4 0
|d 2023-04-14
|l 0
|r 2026-02-21 19:52:52
|w 2026-02-21
|
| 952 |
|
|
|t č. 1-9, neúplné
|a SNK
|b SNK
|y PREZ
|7 0
|p 17A1465779
|o snkČSB 7585/1/2019 D1
|i snk2023/5717
|8 0
|z Č. 1-2 dostupné len v online podobe
|0 0
|1 0
|4 0
|d 2023-04-06
|l 0
|r 2026-02-21 20:04:04
|w 2026-02-21
|
| 952 |
|
|
|t č. 1-12
|a SNK
|b SNK
|y PREZ
|7 0
|p 17A1556971
|o snkČSB 7585/5/2023
|i snk2025/9144
|8 0
|0 0
|1 0
|4 0
|d 2025-06-10
|l 0
|r 2026-02-21 21:11:26
|w 2026-02-21
|
| 952 |
|
|
|t č. 1-12
|a SNK
|b SNK
|y PREZ
|7 0
|p 17A1556972
|o snkČSB 7585/5/2023 D1
|i snk2025/9145
|8 0
|0 0
|1 0
|4 0
|d 2025-06-10
|l 0
|r 2026-02-21 21:11:26
|w 2026-02-21
|
| 952 |
|
|
|t č. 1-12
|a SNK
|b SNK
|y PREZ
|7 0
|p 17A1556973
|o snkČSB 7585/6/2024
|i snk2025/9146
|8 0
|0 0
|1 0
|4 0
|d 2025-06-10
|l 0
|r 2026-02-21 21:11:26
|w 2026-02-21
|
| 952 |
|
|
|t č. 1-12
|a SNK
|b SNK
|y PREZ
|7 0
|p 17A1556974
|o snkČSB 7585/6/2024 D1
|i snk2025/9147
|8 0
|0 0
|1 0
|4 0
|d 2025-06-10
|l 0
|r 2026-02-21 21:11:26
|w 2026-02-21
|